[Event "Stuttgarter Stadtmeisterschaft A-Turnie"]
[Site "Ditzingen"]
[Date "2009.05.21"]
[Round "2.46"]
[White "Schmid, Eugen"]
[Black "Steinbach, Peter"]
[Result "1-0"]
[WhiteElo "1944"]
[BlackElo "2060"]
[PlyCount "38"]
[EventDate "2009.??.??"]

1. d4 Nf6 2. Nf3 g6 3. c4 Bg7 4. Nc3 O-O 5. e4 d6 6. Be2 e5 7. O-O Na6 8. dxe5
dxe5 9. Qc2 Qe8 10. a3 c6 11. h3 Be6 12. Be3 Qe7 13. Rfd1 Rfe8 14. b4 Nh5 15.
b5 Nc5 16. bxc6 bxc6 17. Na4 Nxa4 18. Qxa4 Nf4 19. Bf1 Red8 {
weitere Zuege unklar} 1-0

[Event "Stuttgarter Stadtmeisterschaft A-Turnie"]
[Site "Ditzingen"]
[Date "2009.05.21"]
[Round "2.48"]
[White "Podbicanin, Abaz"]
[Black "Keller, Harald"]
[Result "0-1"]
[WhiteElo "1941"]
[BlackElo "2053"]
[PlyCount "89"]
[EventDate "2009.??.??"]

1. e4 Nf6 2. Nc3 d5 3. exd5 Nxd5 4. Qf3 e6 5. Bc4 Nb6 6. Bb3 c5 7. d3 Nc6 8.
Nge2 Be7 9. a3 O-O 10. Ne4 Nd4 11. Nxd4 cxd4 12. h4 Bd7 13. Qh5 Bc6 14. Ng5 h6
15. f3 Nd5 16. Bxd5 Qxd5 17. Qg4 f5 18. Qg3 hxg5 19. hxg5 Kf7 20. Rh7 Bd6 21.
Qh3 Qe5+ 22. Kd1 f4 23. Bd2 Qxg5 24. b3 Ke7 25. Be1 Kd7 26. Kd2 Rae8 27. Bf2
Qa5+ 28. Ke2 Qc3 29. Re1 Qxc2+ 30. Kf1 Qxd3+ 31. Kg1 Rf7 32. b4 Qf5 33. Qh2 e5
34. Rh5 g5 35. Rh6 Ree7 36. Qh3 Qxh3 37. Rxh3 Rh7 38. Rxh7 Rxh7 39. Re2 Bb5 40.
Rd2 Rh8 41. Rc2 d3 42. Rd2 Rc8 43. Bxa7 Ra8 44. Bc5 Bxc5+ 45. bxc5 0-1

[Event "Stuttgarter Stadtmeisterschaft A-Turnie"]
[Site "Ditzingen"]
[Date "2009.05.21"]
[Round "2.49"]
[White "Pogan, Nikolas"]
[Black "Zieher, Andre"]
[Result "1-0"]
[WhiteElo "2050"]
[BlackElo "1929"]
[PlyCount "99"]
[EventDate "2009.??.??"]

1. b3 f5 2. Bb2 e6 3. e3 Nf6 4. f4 d5 5. Nf3 Bd6 6. d3 c6 7. Nbd2 Nbd7 8. c4
O-O 9. Qe2 a5 10. a3 Qe7 11. Ne5 Nc5 12. g3 Bd7 13. Bg2 Be8 14. Bf3 Nfd7 15.
O-O Nxe5 16. fxe5 Bc7 17. a4 Na6 18. Kh1 Nb4 19. Rac1 Rd8 20. cxd5 cxd5 21. d4
Nc6 22. Rc2 Bg6 23. Rc5 Qg5 24. Ba3 Rf7 25. Rfc1 Rfd7 26. Nb1 Bb8 27. Rg1 Ba7
28. Rcc1 Nxe5 29. h4 Qh6 30. dxe5 Bxe3 31. Rge1 d4 32. Rcd1 f4 33. Qh2 fxg3 34.
Qxg3 Bc2 35. Bd6 Bxd1 36. Rxd1 Qf4 37. Qxf4 Bxf4 38. Na3 Be3 39. Nc4 Rf7 40.
Kg2 Rf4 41. Kg3 Rf7 42. Rd3 g5 43. hxg5 Bxg5 44. Rxd4 Rg7 45. Kh3 Rg6 46. Nxa5
Rd7 47. Rg4 Rf7 48. Be4 Rh6+ 49. Kg2 Rg7 50. Nxb7 1-0

[Event "Stuttgarter Stadtmeisterschaft A-Turnie"]
[Site "Ditzingen"]
[Date "2009.05.21"]
[Round "2.50"]
[White "Schäfer, Michael"]
[Black "Probst, Alexander"]
[Result "0-1"]
[WhiteElo "1920"]
[BlackElo "2048"]
[PlyCount "68"]
[EventDate "2009.??.??"]

1. e4 c5 2. Nf3 d6 3. d4 cxd4 4. Nxd4 Nf6 5. Nc3 a6 6. a4 g6 7. Be2 Bg7 8. O-O
Nc6 9. Be3 O-O 10. Nxc6 bxc6 11. a5 Nd7 12. Qc1 Rb8 13. Rd1 Bb7 14. f3 c5 15.
Ra2 Qc7 16. Qd2 Ne5 17. Na4 Nc6 18. Nb6 Nd4 19. Bf1 Rfd8 20. b4 Nb5 21. Bxb5
axb5 22. c4 bxc4 23. b5 c3 24. Qf2 e6 25. Qg3 Bd4 26. Qf2 e5 27. Rb1 f5 28.
exf5 gxf5 29. Kf1 f4 30. Bxd4 cxd4 31. Ke2 c2 32. Rc1 Qc3 33. Kf1 d3 34. Qh4
Rf8 0-1

[Event "Stuttgarter Stadtmeisterschaft A-Turnie"]
[Site "Ditzingen"]
[Date "2009.05.21"]
[Round "2.51"]
[White "Zeh, Rolf"]
[Black "White, Herbert"]
[Result "0-1"]
[WhiteElo "2048"]
[BlackElo "1923"]
[PlyCount "122"]
[EventDate "2009.??.??"]

1. d4 d5 2. Nf3 Nf6 3. Bf4 Bf5 4. e3 Nbd7 5. Bd3 Ne4 6. c4 e6 7. cxd5 exd5 8.
Qb3 Nb6 9. O-O Be7 10. Nbd2 O-O 11. Qc2 Nxd2 12. Nxd2 Bxd3 13. Qxd3 c6 14. Bg3
Qd7 15. Rae1 Rad8 16. f4 Rfe8 17. Nf3 f6 18. b3 Bb4 19. Re2 Re4 20. Be1 Bxe1
21. Rfxe1 Nc8 22. Nd2 Re7 23. e4 dxe4 24. Rxe4 Rxe4 25. Rxe4 Nd6 26. Re2 Qf7
27. Kf1 Qh5 28. h3 Qf5 29. Qf3 Kf8 30. g4 Qb5 31. a4 Qb4 32. Qd3 Nf7 33. Qe4 g6
34. g5 f5 35. Qe6 Qxd4 36. Qe7+ Kg8 37. Qc7 Rd6 38. Nf3 Qxf4 39. Kg2 Rd4 40.
Re8+ Kg7 41. Qxf4 Rxf4 42. Re7 Kf8 43. Rxb7 a5 44. Rc7 Rb4 45. Nd2 Nxg5 46.
Rxc6 Ne4 47. Nc4 Rxb3 48. Nxa5 Ra3 49. Rc4 Nc3 50. Rc8+ Kg7 51. Rc7+ Kh6 52.
Nc4 Rxa4 53. Nb6 Ra2+ 54. Kg1 Ne4 55. Nd7 Kg5 56. Nf8 h5 57. Rc6 Kh4 58. Nxg6+
Kg3 59. Rc1 Rg2+ 60. Kf1 Nd2+ 61. Ke1 Nf3+ 0-1

[Event "Stuttgarter Stadtmeisterschaft A-Turnie"]
[Site "Ditzingen"]
[Date "2009.05.21"]
[Round "2.52"]
[White "Feller, Florian"]
[Black "Junginger, Andreas"]
[Result "0-1"]
[WhiteElo "1836"]
[BlackElo "2044"]
[PlyCount "130"]
[EventDate "2009.??.??"]

1. e4 Nf6 2. e5 Nd5 3. d4 d6 4. c4 Nb6 5. Nf3 Bg4 6. Be2 e6 7. O-O Nc6 8. exd6
cxd6 9. Nc3 Be7 10. Be3 d5 11. cxd5 Nxd5 12. Nxd5 Qxd5 13. h3 Bh5 14. Qa4 O-O
15. Rac1 a6 16. Qc4 Rfd8 17. Qxd5 Rxd5 18. Bc4 Bxf3 19. gxf3 Rd7 20. Bd3 Bf6
21. Be4 Nxd4 22. Bxd4 Bxd4 23. b3 Rad8 24. Kg2 f5 25. Bc2 Kf7 26. Rcd1 g6 27.
Rd2 e5 28. Rfd1 Kf6 29. Bb1 Ke6 30. Kf1 b5 31. Kg2 Bc3 32. Rxd7 Rxd7 33. Rxd7
Kxd7 34. a4 Kc6 35. axb5+ axb5 36. Bd3 Kc5 37. Kf1 Bd2 38. Ke2 Bg5 39. Ke1 Bh4
40. Ke2 h6 41. Kf1 b4 42. Ke2 Kd4 43. Bb5 Be7 44. Bc6 g5 45. Bd7 Kc3 46. Be6 h5
47. Bf7 g4 48. fxg4 fxg4 49. hxg4 h4 50. Kf3 Kd4 51. Bg6 Bg5 52. Kg2 e4 53. Bf5
Ke5 54. Bd7 Kf4 55. Be6 Be7 56. Bd7 Bc5 57. Be6 h3+ 58. Kxh3 Kf3 59. Bf5 Bxf2
60. g5 Bd4 61. Bg4+ Kf2 62. Bd1 e3 63. Kg4 e2 64. Bxe2 Kxe2 65. Kf4 Kd3 0-1

[Event "Stuttgarter Stadtmeisterschaft A-Turnie"]
[Site "Ditzingen"]
[Date "2009.05.21"]
[Round "2.53"]
[White "Leroy, Patrick"]
[Black "Gogollok, Carsten"]
[Result "1/2-1/2"]
[WhiteElo "1900"]
[BlackElo "2043"]
[PlyCount "52"]
[EventDate "2009.??.??"]

1. e4 c5 2. Nc3 Nc6 3. g3 g6 4. Bg2 Bg7 5. d3 e6 6. Nge2 Nge7 7. O-O O-O 8. Rb1
f5 9. Bg5 h6 10. Be3 b6 11. exf5 Nxf5 12. Bxc6 dxc6 13. Nf4 Kh7 14. Ne4 e5 15.
Ng2 Be6 16. a3 Qe7 17. h4 Rad8 18. h5 g5 19. g4 Nd4 20. f3 c4 21. Ne1 c5 22. c3
Nc6 23. Qc2 cxd3 24. Nxd3 Kh8 25. Ndxc5 Bc4 26. Rfd1 Rxf3 1/2-1/2

[Event "Stuttgarter Stadtmeisterschaft A-Turnie"]
[Site "Ditzingen"]
[Date "2009.05.21"]
[Round "2.54"]
[White "Schuster, Gerhard"]
[Black "Boyens, Birger"]
[Result "1-0"]
[WhiteElo "2038"]
[BlackElo "1908"]
[PlyCount "139"]
[EventDate "2009.??.??"]

1. e4 c5 2. Nf3 Nc6 3. Bb5 g6 4. O-O Bg7 5. Re1 Nd4 6. Nxd4 cxd4 7. c4 a6 8.
Ba4 Qc7 9. d3 h5 10. Nd2 Nf6 11. Nf3 Ng4 12. h3 Nh6 13. Bg5 Qa5 14. Bd2 Qc7 15.
b4 O-O 16. c5 b6 17. Qc1 Kh7 18. Bf4 Qa7 19. Ng5+ Kh8 20. Ne6 fxe6 21. Bxh6
bxc5 22. Qg5 Kh7 23. Bxg7 Kxg7 24. Qxe7+ Rf7 25. Qxc5 Qxc5 26. bxc5 a5 27. Rab1
Ba6 28. Bb5 Kf6 29. Bxa6 Rxa6 30. Rb6 Ra7 31. Reb1 Ke7 32. c6 Kf6 33. R1b5 dxc6
34. Rc5 Rfc7 35. Kf1 Ke7 36. e5 Kd7 37. Ke2 Rc8 38. a4 g5 39. f3 Rcc7 40. Kf2
h4 41. f4 gxf4 42. Kf3 Ra8 43. Kxf4 Rg8 44. Rb2 Ra7 45. Ke4 Rf8 46. Rb6 Rc7 47.
Rxa5 Rf2 48. Ra8 c5 49. Rd6+ Ke7 50. Rh8 Re2+ 51. Kf4 Rf2+ 52. Kg4 Rxg2+ 53.
Kxh4 Rg7 54. Rh6 Ra7 55. Rhxe6+ Kf7 56. Rf6+ Ke8 57. Ra6 Rh7+ 58. Kg4 Rag7+ 59.
Rg6 Rxg6+ 60. Rxg6 Ra7 61. h4 Rxa4 62. h5 Ra1 63. h6 Kf7 64. Rf6+ Kg8 65. Kf5
c4 66. dxc4 Kh7 67. Ke4 Rd1 68. Rd6 d3 69. Rxd3 Re1+ 70. Re3 1-0

[Event "Stuttgarter Stadtmeisterschaft A-Turnie"]
[Site "Ditzingen"]
[Date "2009.05.21"]
[Round "2.55"]
[White "Gheng, Simona"]
[Black "Schmitz, Stefan"]
[Result "1/2-1/2"]
[WhiteElo "2035"]
[BlackElo "1891"]
[PlyCount "85"]
[EventDate "2009.??.??"]

1. e4 e5 2. Nf3 Nc6 3. Bb5 a6 4. Ba4 Nf6 5. O-O Be7 6. Re1 b5 7. Bb3 O-O 8. c3
d5 9. d3 h6 10. h3 dxe4 11. dxe4 Bb7 12. Qe2 Bc5 13. Nbd2 Qe7 14. Nf1 Nh5 15.
Nd4 exd4 16. Qxh5 dxc3 17. bxc3 Ne5 18. Be3 Bxe3 19. Rxe3 c5 20. Bd5 Rfe8 21.
f4 Ng6 22. g3 Bxd5 23. exd5 Qd7 24. Rae1 Rxe3 25. Rxe3 Rd8 26. Rd3 c4 27. Rd1
Qe7 28. Qf3 Qa3 29. Qe3 Ne7 30. Qb6 Rd6 31. Qb8+ Kh7 32. Qf8 Qc5+ 33. Kg2 Rxd5
34. Re1 Ng6 35. Qxf7 Rd3 36. Re8 Qd5+ 37. Qxd5 Rxd5 38. Kf2 Rd3 39. Re3 Rd1 40.
Re6 Rd3 41. Re3 Rd1 42. Re6 Rd3 43. Re3 1/2-1/2

[Event "Stuttgarter Stadtmeisterschaft A-Turnie"]
[Site "Ditzingen"]
[Date "2009.05.21"]
[Round "2.56"]
[White "Töws, Manuel"]
[Black "Guballa, Jens"]
[Result "0-1"]
[WhiteElo "1863"]
[BlackElo "2033"]
[PlyCount "104"]
[EventDate "2009.??.??"]

1. e4 c6 2. d4 d5 3. Nc3 dxe4 4. Nxe4 Bf5 5. Ng3 Bg6 6. h4 h6 7. Nf3 Nd7 8. Bd3
Bxd3 9. Qxd3 e6 10. Bf4 Qa5+ 11. Bd2 Bb4 12. O-O Ngf6 13. c3 Be7 14. Rfe1 O-O
15. a3 Rad8 16. c4 Qc7 17. Qc2 Rfe8 18. Bc3 b5 19. b3 bxc4 20. bxc4 c5 21. Rec1
cxd4 22. Bxd4 Bc5 23. Rd1 Rc8 24. Rdc1 Red8 25. Qc3 Qf4 26. Ne2 Qg4 27. Qe3 Qe4
28. Qxe4 Nxe4 29. Rc2 Nb6 30. Bxc5 Rxc5 31. Rac1 Rdc8 32. Nd2 Nxd2 33. Rxd2
Rxc4 34. Rxc4 Rxc4 35. g3 g6 36. Rd4 Rc2 37. Nf4 Ra2 38. Rd3 Kg7 39. Rc3 a5 40.
Rc6 Rb2 41. Rc3 a4 42. Nd3 Rb3 43. Rxb3 axb3 44. Nb2 Kf6 45. Kf1 Ke5 46. Ke2
Kd4 47. Kd1 Nc4 48. Nxc4 Kxc4 49. Kd2 e5 50. g4 f6 51. g5 fxg5 52. hxg5 h5 0-1

[Event "Stuttgarter Stadtmeisterschaft A-Turnie"]
[Site "Ditzingen"]
[Date "2009.05.21"]
[Round "2.57"]
[White "Arounopoulos, Stephan"]
[Black "von Schwerin, Clemens"]
[Result "1-0"]
[WhiteElo "1998"]
[BlackElo "1886"]
[PlyCount "81"]
[EventDate "2009.??.??"]

1. d4 Nf6 2. Nf3 g6 3. c4 c5 4. d5 b5 5. cxb5 a6 6. b6 Qxb6 7. Nc3 d6 8. e4
Nbd7 9. Be2 Bg7 10. O-O O-O 11. a4 Rb8 12. Nd2 Bb7 13. a5 Qc7 14. Nc4 Rfd8 15.
f4 Nf8 16. Ra3 e6 17. Bf3 N6d7 18. Be3 exd5 19. exd5 Re8 20. Ne4 f5 21. Nexd6
Rxe3 22. Rxe3 Bd4 23. Rfe1 Nf6 24. Kh1 Bxe3 25. Rxe3 Rd8 26. Nxb7 Qxb7 27. d6
Qb5 28. Bd5+ Kh8 29. h3 Ne4 30. Rxe4 fxe4 31. Qe1 Qd7 32. Ne5 Qf5 33. Nf7+ Kg7
34. Qc3+ Qf6 35. Qxf6+ Kxf6 36. Nxd8 e3 37. Bc4 Kf5 38. Nb7 Nd7 39. Bxa6 Kxf4
40. Be2 Kg3 41. Kg1 1-0

[Event "Stuttgarter Stadtmeisterschaft A-Turnie"]
[Site "Ditzingen"]
[Date "2009.05.21"]
[Round "2.58"]
[White "Pietzka, Martin"]
[Black "Siegle, Florian"]
[Result "0-1"]
[WhiteElo "1846"]
[BlackElo "2013"]
[PlyCount "62"]
[EventDate "2009.??.??"]

1. e4 e6 2. d4 b6 3. Bd3 Bb7 4. Nf3 c5 5. c3 Nf6 6. Qe2 Be7 7. O-O O-O 8. Bg5
d6 9. Na3 cxd4 10. cxd4 Nc6 11. Rac1 Nb4 12. Bb1 Ba6 13. Nb5 Qd7 14. a4 Rfc8
15. Rfd1 Rxc1 16. Bxc1 Ne8 17. e5 d5 18. Bg5 Bxg5 19. Nxg5 h6 20. Nh7 Bxb5 21.
axb5 Rc8 22. g4 Qe7 23. g5 f5 24. exf6 gxf6 25. gxh6 Rc7 26. Kh1 f5 27. Rg1+
Kxh7 28. Qh5 Qf7 29. Qg5 Rc4 30. Re1 Nc2 31. Rg1 Nxd4 0-1

[Event "Stuttgarter Stadtmeisterschaft A-Turnie"]
[Site "Ditzingen"]
[Date "2009.05.21"]
[Round "2.59"]
[White "Weißbeck, Simon"]
[Black "Bergner, Philipp"]
[Result "1/2-1/2"]
[WhiteElo "1959"]
[BlackElo "1833"]
[PlyCount "48"]
[EventDate "2009.??.??"]

1. g4 g5 2. b4 b5 3. d4 d5 4. e4 c5 5. c4 a5 6. f4 e5 7. a4 h5 8. h4 f5 9. fxg5
hxg4 10. exf5 exd4 11. cxd5 bxa4 12. bxc5 Qxd5 13. Rxa4 Bxf5 14. Qxd4 Rxh4 15.
Rxa5 Qxc5 16. Qxg4 Rh5 17. Nd2 Rxg5 18. Ngf3 Na6 19. Bh3 Qa7 20. Kf1 Kd7 21.
Kg2 Kc7 22. Kh2 Bb1 23. Nh4 Ba3 24. Ndf3 Ba2 1/2-1/2

[Event "Stuttgarter Stadtmeisterschaft A-Turnie"]
[Site "Ditzingen"]
[Date "2009.05.21"]
[Round "2.60"]
[White "Adler, Alexander"]
[Black "Hirschfeld, Dennis"]
[Result "1/2-1/2"]
[WhiteElo "1765"]
[BlackElo "1984"]
[PlyCount "25"]
[EventDate "2009.??.??"]

1. e4 c6 2. d4 d5 3. f3 e6 4. Be3 b6 5. Nd2 Nf6 6. c4 Be7 7. cxd5 cxd5 8. Qa4+
Bd7 9. Qb3 Nc6 10. Be2 Na5 11. Qd1 Rc8 12. e5 Ng8 13. Rc1 1/2-1/2

[Event "Stuttgarter Stadtmeisterschaft A-Turnie"]
[Site "Ditzingen"]
[Date "2009.05.21"]
[Round "2.61"]
[White "Wenninger, Philipp"]
[Black "Meinecke, Klaus-Hinrich"]
[Result "1-0"]
[WhiteElo "1984"]
[BlackElo "1853"]
[PlyCount "67"]
[EventDate "2009.??.??"]

1. d4 Nf6 2. c4 e6 3. Nc3 Bb4 4. g3 c6 5. Bg2 d5 6. Qb3 Na6 7. Nf3 O-O 8. O-O
h6 9. a3 Bd6 10. Qc2 Nh5 11. e4 dxe4 12. Nxe4 f5 13. Nxd6 Qxd6 14. Bd2 g5 15.
Bc3 Nf6 16. Ne5 Bd7 17. Rad1 Rad8 18. b4 b5 19. c5 Qc7 20. a4 bxa4 21. Qxa4 Nb8
22. Ra1 a6 23. Qb3 Bc8 24. b5 axb5 25. Ba5 Qb7 26. Bb6 Na6 27. Nxc6 Qd7 28.
Nxd8 Rxd8 29. Bxd8 Qxd8 30. Qxb5 Qxd4 31. Rxa6 Bxa6 32. Qxa6 Qxc5 33. Qxe6+ Kg7
34. Rb1 1-0

[Event "Stuttgarter Stadtmeisterschaft A-Turnie"]
[Site "Ditzingen"]
[Date "2009.05.21"]
[Round "2.62"]
[White "Osswald, Michael"]
[Black "Schembera, Jörg"]
[Result "0-1"]
[WhiteElo "1972"]
[BlackElo "1828"]
[PlyCount "132"]
[EventDate "2009.??.??"]

1. e4 c5 2. Nf3 d6 3. d4 cxd4 4. Nxd4 Nf6 5. Nc3 g6 6. Be3 Bg7 7. Qd2 O-O 8. f3
Nc6 9. Nb3 Be6 10. Nd5 Rc8 11. O-O-O Ne5 12. Nxf6+ Bxf6 13. Bd4 Qc7 14. f4 Bg7
15. Kb1 Bh6 16. Bc3 Nc4 17. Bxc4 Qxc4 18. Rde1 b6 19. Rhf1 a5 20. Qd4 Qxd4 21.
Nxd4 Bc4 22. Rf3 e5 23. fxe5 dxe5 24. Ne2 Bxe2 25. Rxe2 Rfd8 26. a4 Bg7 27.
Ref2 f6 28. b3 Rd1+ 29. Ka2 Rcd8 30. g4 g5 31. Rf1 h6 32. Kb2 Kh7 33. Be1 Kg6
34. Re3 Bf8 35. Rff3 Bc5 36. Re2 R8d6 37. c3 Bg1 38. h3 Bh2 39. Bf2 Bf4 40. Be3
Bxe3 41. Rfxe3 R6d2+ 42. Rxd2 Rxd2+ 43. Ka3 Kf7 44. b4 Ke6 45. bxa5 bxa5 46.
Kb3 Kd6 47. Kc4 Kc6 48. Rf3 Rd6 49. Rf1 Kc7 50. Kb5 Rd3 51. Rxf6 Rxh3 52. c4
Rh4 53. c5 Rxg4 54. Rf7+ Kc8 55. Kc6 Kd8 56. Kd6 Ke8 57. Re7+ Kf8 58. Rxe5 Rg1
59. c6 Rd1+ 60. Rd5 Rc1 61. c7 Rxc7 62. Kxc7 Kf7 63. Rf5+ Ke6 64. Kb6 g4 65.
Kxa5 g3 66. Kb4 g2 0-1

[Event "Stuttgarter Stadtmeisterschaft A-Turnie"]
[Site "Ditzingen"]
[Date "2009.05.21"]
[Round "2.63"]
[White "Stegmaier, Michael"]
[Black "Stein, Carsten"]
[Result "1-0"]
[WhiteElo "1802"]
[BlackElo "1972"]
[PlyCount "90"]
[EventDate "2009.??.??"]

1. d4 d5 2. Nf3 c6 3. e3 Nf6 4. c4 e6 5. Nc3 Nbd7 6. Bd3 dxc4 7. Bxc4 b5 8. Bd3
Bb7 9. e4 a6 10. e5 Nd5 11. Nxd5 exd5 12. O-O c5 13. e6 fxe6 14. Ng5 Qf6 15.
Nxe6 Bd6 16. Re1 Be5 17. Nc7+ Kd8 18. dxe5 Nxe5 19. Nxa8 Rf8 20. f3 Bxa8 21. f4
Nd7 22. Bxh7 g5 23. f5 d4 24. Re6 Qg7 25. Qh5 Nf6 26. Bxg5 Kd7 27. Qg6 Qxg6 28.
Bxg6 Nd5 29. Rae1 c4 30. Bh6 Rg8 31. Re8 Rxe8 32. Bxe8+ Kd6 33. Bf8+ Kc7 34.
Re6 d3 35. Bd6+ Kd8 36. Bh5 Nc7 37. Bxc7+ Kxc7 38. f6 Bd5 39. Re7+ Kd6 40. Re1
b4 41. f7 Bxf7 42. Bxf7 c3 43. bxc3 bxc3 44. Rd1 d2 45. Bb3 Ke5 1-0

[Event "Stuttgarter Stadtmeisterschaft A-Turnie"]
[Site "Ditzingen"]
[Date "2009.05.21"]
[Round "3.1"]
[White "Svetushkin, Dmitry"]
[Black "Gheng, Josef"]
[Result "0-1"]
[WhiteElo "2615"]
[BlackElo "2310"]
[PlyCount "130"]
[EventDate "2009.??.??"]

1. d4 Nf6 2. c4 e6 3. Nf3 b6 4. Nc3 Bb7 5. Bg5 h6 6. Bh4 Be7 7. Qc2 c5 8. dxc5
bxc5 9. e3 O-O 10. Be2 d5 11. Rd1 Nbd7 12. O-O Rc8 13. Bg3 Qb6 14. Rd2 Bc6 15.
cxd5 Nxd5 16. Nxd5 exd5 17. Ne5 Nxe5 18. Bxe5 Rfd8 19. Rfd1 Bd6 20. Bc3 Qc7 21.
h3 d4 22. exd4 Bh2+ 23. Kf1 Bf4 24. dxc5 Bxd2 25. Rxd2 Qf4 26. Kg1 Qg5 27. Bg4
h5 28. Qf5 Qxf5 29. Bxf5 Rxd2 30. Bxd2 Rd8 31. Be3 Rd1+ 32. Kh2 Ra1 33. a3 a5
34. Kg3 Kf8 35. f3 a4 36. Bc2 Ra2 37. Bd4 Ra1 38. Kf2 Rc1 39. Bd3 h4 40. Ke2 f6
41. Be3 Rh1 42. Bf2 g5 43. Be1 Ke7 44. Kf2 Ke6 45. Bf1 f5 46. Ba5 Kf6 47. Bc7
Kg6 48. Bd8 Rxf1+ 49. Kxf1 Bb5+ 50. Kf2 f4 51. Ke1 Kh5 52. Bf6 Kg6 53. Bd4 Kf7
54. Bc3 Ke6 55. Ba5 Kd7 56. Kf2 Ke7 57. Kg1 Bc6 58. Bc3 Bb5 59. Bd2 Ke6 60. Ba5
Kd7 61. g3 hxg3 62. h4 gxh4 63. Bd2 Be2 64. Kg2 h3+ 65. Kxh3 Bf1+ 0-1

[Event "Stuttgarter Stadtmeisterschaft A-Turnie"]
[Site "Ditzingen"]
[Date "2009.05.21"]
[Round "3.2"]
[White "Hirneise, Jens"]
[Black "Ovsejevitsch, Sergei"]
[Result "0-1"]
[WhiteElo "2308"]
[BlackElo "2580"]
[PlyCount "84"]
[EventDate "2009.??.??"]

1. e4 e5 2. Nf3 Nc6 3. Bb5 a6 4. Ba4 Nf6 5. O-O b5 6. Bb3 Bb7 7. d3 Be7 8. Nc3
d6 9. a4 b4 10. Ne2 Na5 11. Ba2 O-O 12. Ng3 Rb8 13. Nf5 Bc8 14. Nxe7+ Qxe7 15.
Bg5 h6 16. Bh4 Bg4 17. Rc1 g5 18. Bg3 c5 19. Re1 b3 20. Bxb3 Nxb3 21. cxb3 Rb7
22. d4 cxd4 23. Qd3 Bxf3 24. gxf3 a5 25. Rc6 Rfb8 26. Qa6 Ne8 27. Qxa5 Rxb3 28.
Rec1 h5 29. h3 h4 30. Bh2 Qe6 31. Qd2 f6 32. Kg2 Rxb2 33. R1c2 Rxc2 34. Rxc2
Qb3 35. Ra2 Qc3 36. Qd1 Qc4 37. Qa1 Rb3 38. a5 Qd3 39. Rb2 Qxf3+ 40. Kg1 Rxb2
41. Qxb2 g4 42. Qb5 Kf8 0-1

[Event "Stuttgarter Stadtmeisterschaft A-Turnie"]
[Site "Ditzingen"]
[Date "2009.05.21"]
[Round "3.3"]
[White "Luther, Thomas"]
[Black "Aring, Gerd"]
[Result "1-0"]
[WhiteElo "2537"]
[BlackElo "2218"]
[PlyCount "53"]
[EventDate "2009.??.??"]

1. d4 d5 2. c4 e6 3. Nc3 Nf6 4. cxd5 Nxd5 5. e4 Nxc3 6. bxc3 c5 7. Nf3 cxd4 8.
cxd4 Bb4+ 9. Bd2 Bxd2+ 10. Qxd2 O-O 11. Bc4 Nc6 12. O-O b6 13. Rad1 Na5 14. Bd3
Bb7 15. Rfe1 Rc8 16. h3 Rc7 17. Qf4 Rd7 18. d5 exd5 19. e5 g6 20. Ng5 Re7 21.
Qh4 f6 22. exf6 Rd7 23. Bb5 Bc6 24. Bxc6 Nxc6 25. Rxd5 h5 26. Qe4 Rxf6 27. Qe8+
1-0

[Event "Stuttgarter Stadtmeisterschaft A-Turnie"]
[Site "Ditzingen"]
[Date "2009.05.21"]
[Round "3.4"]
[White "Wagner, Florian"]
[Black "Gutman, Lev"]
[Result "1-0"]
[WhiteElo "2302"]
[BlackElo "2494"]
[PlyCount "123"]
[EventDate "2009.??.??"]

1. d4 Nf6 2. g3 g6 3. Bg2 d5 4. Nf3 Bg7 5. O-O O-O 6. c4 dxc4 7. Qc2 Nc6 8. Rd1
Be6 9. Nc3 Nb4 10. Qb1 Bf5 11. e4 Bg4 12. Be3 Qc8 13. b3 cxb3 14. Qxb3 Nc6 15.
e5 Nd7 16. h3 Bxf3 17. Bxf3 Nb6 18. h4 e6 19. h5 Ne7 20. h6 Bh8 21. Bg5 Qd7 22.
Bxb7 Rab8 23. Ne4 Ned5 24. Nc5 Qe8 25. Rac1 f6 26. exf6 Bxf6 27. Bxf6 Rxf6 28.
Re1 Qf7 29. Rxe6 Rd8 30. Rce1 Rf3 31. Re8+ Rxe8 32. Rxe8+ Qxe8 33. Qxf3 c6 34.
Nd3 Nc4 35. Ne5 Nxe5 36. Qe4 Qe6 37. Qxe5 Qxe5 38. dxe5 Ne7 39. g4 g5 40. Kg2
Kf7 41. Kg3 Ke6 42. f4 gxf4+ 43. Kxf4 Ng6+ 44. Ke4 Nxe5 45. Bc8+ Kd6 46. Bf5
Nf7 47. Bxh7 Nxh6 48. g5 Nf7 49. g6 Ng5+ 50. Kf5 Ne6 51. Kf6 c5 52. Bg8 Nf4 53.
g7 Nh5+ 54. Kg6 Nxg7 55. Kxg7 Ke5 56. Kf8 Kd4 57. Ke7 c4 58. Kd6 c3 59. Bh7 Kc4
60. Bc2 Kb4 61. a4 Ka3 62. Kc6 1-0

[Event "Stuttgarter Stadtmeisterschaft A-Turnie"]
[Site "Ditzingen"]
[Date "2009.05.21"]
[Round "3.5"]
[White "Strohhäker, Raoul"]
[Black "Heinl, Thomas"]
[Result "0-1"]
[WhiteElo "2449"]
[BlackElo "2204"]
[PlyCount "60"]
[EventDate "2009.??.??"]

1. e4 d6 2. d4 Nf6 3. Nc3 g6 4. Bg5 c6 5. f4 Bg7 6. Qd2 O-O 7. Nf3 b5 8. Bd3
Bb7 9. e5 b4 10. Ne2 Nd5 11. O-O-O f6 12. Bh4 Bh6 13. Bc4 a5 14. g4 Nd7 15. g5
Bg7 16. gxf6 exf6 17. Bxd5+ cxd5 18. e6 Nb6 19. f5 Nc4 20. Qf4 a4 21. fxg6 hxg6
22. Qg3 b3 23. cxb3 axb3 24. a3 Qc8 25. Nc3 Qxe6 26. Qxg6 Qe3+ 27. Nd2 Rxa3 28.
Rhg1 Rf7 29. Bxf6 Ra1+ 30. Ncb1 Nxb2 0-1

[Event "Stuttgarter Stadtmeisterschaft A-Turnie"]
[Site "Ditzingen"]
[Date "2009.05.21"]
[Round "3.6"]
[White "Kunz, Konstantin"]
[Black "Reich, Thomas"]
[Result "1-0"]
[WhiteElo "2263"]
[BlackElo "2393"]
[PlyCount "105"]
[EventDate "2009.??.??"]

1. d4 Nf6 2. Nf3 g6 3. Nc3 Bg7 4. e4 d6 5. Bf4 Nc6 6. Qd2 Bg4 7. O-O-O O-O 8.
Qe3 Nd7 9. Bh6 e5 10. dxe5 dxe5 11. h4 Nd4 12. h5 Bh8 13. hxg6 hxg6 14. Be2
Bxf3 15. Bxf3 Re8 16. Bg4 Nf6 17. Qh3 Nxg4 18. Qxg4 c6 19. Bg5 Bf6 20. f4 Bxg5
21. fxg5 Kg7 22. Rh6 Rh8 23. Qh4 f6 24. Rh1 fxg5 25. Rh7+ Rxh7 26. Qxh7+ Kf6
27. Rf1+ Ke6 28. Qxg6+ Kd7 29. Qg7+ Kd6 30. Rf6+ Ne6 31. Qxg5 Qh8 32. Rh6 Qf8
33. Qd2+ Ke7 34. Rh7+ Kf6 35. Rh6+ Ke7 36. Rh7+ Kf6 37. Rxb7 Kg6 38. b3 Qf4 39.
Rd7 Kg5 40. Ne2 Qxd2+ 41. Kxd2 Nf4 42. g3 Ng2 43. Nc1 Kg4 44. Nd3 Re8 45. Rxa7
Kf3 46. Rf7+ Kxg3 47. Rf6 Nf4 48. Rxc6 Kf3 49. Rc4 Nh3 50. a4 Ng5 51. Nc5 Rd8+
52. Kc3 Ke3 53. a5 1-0

[Event "Stuttgarter Stadtmeisterschaft A-Turnie"]
[Site "Ditzingen"]
[Date "2009.05.21"]
[Round "3.7"]
[White "Vaysberg, Alexander"]
[Black "Reinhardt, Bernd"]
[Result "0-1"]
[WhiteElo "2190"]
[BlackElo "2344"]
[PlyCount "106"]
[EventDate "2009.??.??"]

1. e4 d6 2. d4 Nd7 3. c4 e5 4. Nf3 Ngf6 5. Nc3 Be7 6. h3 O-O 7. Be3 c6 8. Be2
a6 9. d5 c5 10. g4 Ne8 11. Rb1 Nc7 12. a4 Rb8 13. b4 cxb4 14. Rxb4 a5 15. Rb2
Na6 16. O-O Ndc5 17. Qd2 Bd7 18. Ra1 Qe8 19. Bd1 h5 20. Ne1 f6 21. Nd3 Nxd3 22.
Qxd3 Qg6 23. f3 f5 24. Rg2 Nb4 25. Qd2 fxg4 26. fxg4 hxg4 27. hxg4 Rf7 28. Be2
Rbf8 29. Rf1 Rxf1+ 30. Bxf1 Rf3 31. Be2 Rh3 32. Bd1 Qh7 33. Rh2 Qh4 34. Rxh3
Qxh3 35. Qe2 Qg3+ 36. Kf1 Bh4 37. Nb5 Qh3+ 38. Kg1 Qg3+ 39. Kh1 Be7 40. Qf3
Qh4+ 41. Kg2 Nd3 42. Qg3 Ne1+ 43. Kf2 Qh1 44. Bf3 Nxf3 45. Qxf3 Bh4+ 46. Ke2
Qe1+ 47. Kd3 Qb1+ 48. Kd2 Qa2+ 49. Kd3 Qxa4 50. Nc3 Qb3 51. Qh1 Ba4 52. Qh2 b5
53. cxb5 Bxb5+ 0-1

[Event "Stuttgarter Stadtmeisterschaft A-Turnie"]
[Site "Ditzingen"]
[Date "2009.05.21"]
[Round "3.8"]
[White "Strunski, Andreas"]
[Black "Germer, Philipp"]
[Result "1/2-1/2"]
[WhiteElo "2329"]
[BlackElo "2177"]
[PlyCount "91"]
[EventDate "2009.??.??"]

1. d4 d5 2. c4 e6 3. Nc3 c6 4. e3 Nf6 5. Nf3 Nbd7 6. Qc2 Bd6 7. b3 O-O 8. Be2
b6 9. Bb2 Bb7 10. O-O Qe7 11. Rad1 Rac8 12. e4 dxe4 13. Nxe4 Nxe4 14. Qxe4 Nf6
15. Qh4 Rfd8 16. Bd3 h6 17. Rfe1 Nd7 18. Qe4 Nf6 19. Qh4 Nd7 20. Qh3 a5 21. Bb1
a4 22. bxa4 Ba3 23. Ba1 Qb4 24. d5 cxd5 25. Rxe6 Bb2 26. Bxb2 Qxb2 27. Re7 Bc6
28. Bf5 Bxa4 29. Rde1 dxc4 30. Bxd7 Bxd7 31. Rxd7 c3 32. Rxd8+ Rxd8 33. Qh4 Ra8
34. Qe4 Rxa2 35. Qe8+ Kh7 36. Qe4+ Kg8 37. Qe8+ Kh7 38. Qe4+ Kg8 39. Qe3 b5 40.
Ne5 c2 41. Nd3 Qc3 42. Nc1 Qxe3 43. fxe3 Ra1 44. Kf2 b4 45. Nd3 Ra2 46. Nc1
1/2-1/2